Score 0/25 Timer 10:00
0 Plays Today
% Correct
Act 2
74.8%
Act 5
69.4%
Act 1
69.4%
Act 5
68.5%
Act 1
67.1%
Act 2
66.2%
Act 1
65.8%
Act 1
65.8%
Act 5
64.4%
Act 1
63.5%
Act 1
62.6%
Act 3
62.2%
Act 2
62.2%
% Correct
Act 4
61.3%
Act 5
59.5%
Act 4
56.3%
Act 4
55.9%
Act 3
55%
Act 5
53.2%
Act 4
50.9%
Act 3
50.9%
Act 3
48.2%
Act 2
47.7%
Act 3
44.1%
Act 2
28.8%

You're not logged in!

Compare scores with friends on all Sporcle quizzes.
OR
Log In

Sporcle TV

Today on Sporcle TV


Watch our educational content, quiz creation guides, and fun videos on Sporcle TV.

Show Comments

Extras

Created Jan 31, 2017ReportNominate
Tags:Clickable Quiz, Act, macbeth

Top Quizzes Today


Score Distribution

Paid Content

Your Account Isn't Verified!

In order to create a playlist on Sporcle, you need to verify the email address you used during registration. Go to your Sporcle Settings to finish the process.

Report this User

Report this user for behavior that violates our Community Guidelines.

Details: